00297nam a2200121Ia 4500008004100000041000800041082001400049100002000063245002500083260004500108300001700153365000500170240624s9999 xx 000 0 und d aeng a332.6 GRA aGRAHAM BENJAMIN aINTELLIGENT INVESTOR c2003aNew YorkbHarperCollins Publishers axiv, : 623p. c